Song Titles - Fill In The Missing Word 2 - Statistics

General Stats
  • This quiz has been taken 23 times
  • The average score is 7 of 15
Answer Stats
Hint Answer % Correct
- Child - The Supremes Love
82%
The - Of John And Yoko - The Beatles Ballad
76%
You - Up My Life - Debby Boone Light
76%
Let's - Together - Tina Turner Stay
71%
On The - Of The Ohio - Olivia Newton-John Banks
53%
The Day - You Came - Abba Before
47%
- Rescue - The Rolling Stones Emotional
47%
Goodbye Sam - Samantha - Cliff Richard Hello
41%
The Diary Of - Wimp - ELO Horace
41%
- On An Island - Status Quo Living
35%
Love - And Honesty - Bananarama Truth
35%
- The Alarm - Nicki Minaj Pound
29%
- A Friend - Billie Eilish Bury
24%
Let's - Together - Bryan Ferry Stick
24%
Loves About To - My Heart - Donna Summer Change
18%
No matching quizzes found
Score Distribution
Percent of People with Each Score
Percentile by Number Answered
Your Score History
You have not taken this quiz